000 00447nam a2200169 a 4500
005 20140412111344.0
008 041005s19uu xx 00 eng d
020 _a0-86461-323-7
050 _aTR(PS E
_bBa11 2000
100 _aHellard, Elephant
245 _aBaby elephant /
_cSusan Hellard.
260 _aAustralia :
_bKoala books,
_c2000.
300 _aunp.
650 _aElephants - Fiction
650 _aChildren stories
999 _c105189
_d105189